header

The power of narrative in environmental networks (Record no. 32686)

MARC details
000 -LEADER
fixed length control field 01589nam a2200397 a 4500
082 04 - DEWEY DECIMAL CLASSIFICATION NUMBER
Classification number 333.72
100 1# - MAIN ENTRY--AUTHOR NAME
Personal name Lejano, Raul P.,
245 14 - TITLE STATEMENT
Title The power of narrative in environmental networks
260 ## - PUBLICATION, DISTRIBUTION, ETC. (IMPRINT)
Place of publication Cambridge, Mass. ;
-- London, England :
Name of publisher MIT Press,
Year of publication c2013.
300 ## - PHYSICAL DESCRIPTION
Number of Pages 1 online resource (xiv, 225 p.) :
Other physical details ill.
650 #0 - SUBJECT ADDED ENTRY--TOPICAL TERM
Topical Term Environmentalism.
Topical Term Environmental policy.
Topical Term Policy sciences.
Topical Term Social networks.
700 1# - ADDED ENTRY--PERSONAL NAME
Personal name Ingram, Mrill.
Personal name Ingram, Helen M.,
856 40 - ELECTRONIC LOCATION AND ACCESS
Uniform Resource Identifier http://site.ebrary.com/lib/rucke/Doc?id=10744806
588 ## -
-- Description based on online resource; title from title page (ebrary, viewed August 24, 2013).
922 ## -
-- Innodata Copy

No items available.

© 2026 Rongo University
Contact us: librarian | system librarian | Rongo university